[Event "XXIII C.to Italiano UISP"]
[Site "Rimini ITA"]
[Date "2002.12.??"]
[Round "5"]
[White "Ganci, Fabrizio"]
[Black "Badano, Giancarlo"]
[Result "1-0"]
[WhiteElo "2019"]
[BlackElo "1675"]
[PlyCount "114"]
[EventDate "2002.12.12"]

1.d4 e6 2.Nf3 d5 3.c4 Nf6 4.Bg5 Nbd7 5.cxd5 exd5 6.Nc3 c6 7.e3 Bd6 8.Bd3 
O-O 9.O-O Re8 10.Qc2 Nf8 11.Rab1 a5 12.a3 Bg4 13.Nd2 Bh5 14.Bf5 Bg6 15.g3 
Qe7 16.Bxg6 hxg6 17.e4 dxe4 18.Ndxe4 Ne6 19.Bxf6 gxf6 20.Rbd1 f5 21.Nxd6 
Qxd6 22.d5 Ng5 23.h4 Ne4 24.Nxe4 Rxe4 25.dxc6 Qxc6 26.Qxc6 bxc6 27.Rc1 Rb8
28.Rc2 Re5 29.Rd1 Rbb5 30.Rd4 Re1+ 31.Kg2 Rb1 32.Rdd2 Rb6 33.Kf3 Kg7 34.
Ke3 Re1+ 35.Kd4 Re6 36.Re2 Rxe2 37.Rxe2 Rb5 38.Kc4 Kf6 39.b4 axb4 40.axb4 
Rd5 41.Kb3 Rd1 42.Rc2 Rd6 43.Rc5 Ke6 44.Kc2 Kd7 45.h5 Re6 46.Kd2 Re8 47.
Ra5 Rh8 48.Ra7+ Ke6 49.hxg6 Rd8+ 50.Ke3 fxg6 51.Rg7 Kf6 52.Rb7 Rd6 53.Rb6 
Ke5 54.Ke2 Kd5 55.Kd3 Re6 56.Rb8 Rd6 57.Re8 Rd7 1-0

[Event "XXIII C.to Italiano UISP"]
[Site "Rimini ITA"]
[Date "2002.12.??"]
[Round "5"]
[White "Livecchi, Dario"]
[Black "Mazzilli, Piero"]
[Result "1/2-1/2"]
[WhiteElo "2166"]
[BlackElo "2215"]
[PlyCount "80"]
[EventDate "2002.12.12"]

1.d4 d5 2.c4 e6 3.Nc3 c6 4.e3 Bd6 5.Qc2 f5 6.cxd5 exd5 7.Bd3 Ne7 8.Nf3 O-O
9.Bd2 b6 10.Ne5 Bxe5 11.dxe5 Ba6 12.O-O Bxd3 13.Qxd3 Nd7 14.f4 Nc5 15.Qe2 
Ne6 16.Rad1 a6 17.Be1 h6 18.e4 fxe4 19.Nxe4 Nxf4 20.Qe3 d4 21.Qd2 Ned5 22.
Bg3 Ne6 23.Rxf8+ Qxf8 24.Rf1 Qe7 25.Nf6+ gxf6 26.exf6 Nxf6 27.Bh4 Rf8 28.
Qxh6 Qg7 29.Rxf6 Rxf6 30.Qxf6 Qxf6 31.Bxf6 Kf7 32.Be5 Kg6 33.g4 c5 34.Kf1 
Kg5 35.h3 Nf4 36.Bxf4+ Kxf4 37.Ke2 c4 38.Kd2 b5 39.b4 c3+ 40.Kd3 Kf3 
1/2-1/2

[Event "XXIII C.to Italiano UISP"]
[Site "Rimini ITA"]
[Date "2002.12.??"]
[Round "5"]
[White "Loi, Alberto"]
[Black "Voltolini, Mario"]
[Result "0-1"]
[WhiteElo "1414"]
[BlackElo "2215"]
[PlyCount "85"]
[EventDate "2002.12.12"]

1.e4 e5 2.b3 Nf6 3.Bb2 Nc6 4.Nf3 Nxe4 5.Qe2 d5 6.d3 Nd6 7.Nxe5 Nxe5 8.
Qxe5+ Be6 9.Nc3 c6 10.O-O-O Qd7 11.Na4 b6 12.Ba3 f6 13.Qg3 Nf5 14.Qf3 
Bxa3+ 15.Nb2 O-O 16.Kb1 Nd6 17.h3 Nb5 18.d4 Bxb2 19.Kxb2 Qd6 20.Bxb5 cxb5 
21.g4 a5 22.Qd3 b4 23.f3 Rfc8 24.h4 Rc3 25.Qe2 Bf7 26.Rhe1 Rac8 27.Rc1 Bg6
28.Qb5 Rxc2+ 29.Rxc2 Rxc2+ 30.Ka1 Rc8 31.h5 Qc7 32.Qxd5+ Bf7 33.Qe4 Qc3+ 
34.Kb1 Re8 35.Rc1 Qxc1+ 36.Kxc1 Rxe4 37.fxe4 Be6 38.d5 Bxg4 39.d6 Kf7 40.
Kd2 Ke6 41.h6 gxh6 42.Ke3 Kxd6 43.Kf4 0-1

[Event "XXIII C.to Italiano UISP"]
[Site "Rimini ITA"]
[Date "2002.12.??"]
[Round "5"]
[White "Lucaroni, Massimiliano"]
[Black "Antoniacci, Riccardo"]
[Result "1-0"]
[WhiteElo "2288"]
[BlackElo "1927"]
[PlyCount "68"]
[EventDate "2002.12.12"]

1.e4 c5 2.Nc3 Nc6 3.Nf3 g6 4.d4 cxd4 5.Nxd4 Bg7 6.Nb3 Nf6 7.Be2 d6 8.O-O 
O-O 9.Re1 a5 10.a4 Nb4 11.Bf1 Qc7 12.Nd4 Bd7 13.Bg5 Qc5 14.Qd2 h6 15.Be3 
Ng4 16.Nf5 Nxe3 17.Nxe7+ Kh7 18.Rxe3 Bf6 19.Ned5 Bd4 20.Rf3 f5 21.Rd1 Be5 
22.exf5 Bxf5 23.Ne3 Bd7 24.Ne4 Qa7 25.Rxf8 Rxf8 26.Nxd6 Bxa4 27.Nb5 Qc5 
28.Qd7+ Kh8 29.b3 Bxb5 30.Qxb5 Qxb5 31.Bxb5 Rc8 32.g3 b6 33.c4 Nc6 34.Bxc6
Rxc6 1-0

[Event "XXIII C.to Italiano UISP"]
[Site "Rimini ITA"]
[Date "2002.12.??"]
[Round "5"]
[White "Musmarra, Giovanni"]
[Black "Rombaldoni, Axel"]
[Result "1-0"]
[WhiteElo "1362"]
[BlackElo "1669"]
[PlyCount "81"]
[EventDate "2002.12.12"]

1.e4 c5 2.Nf3 d6 3.d4 cxd4 4.Nxd4 Nf6 5.Nc3 Nc6 6.Bg5 e6 7.Qd2 a6 8.Rd1 
Bd7 9.Be2 Be7 10.Nb3 b5 11.Bxf6 gxf6 12.Bh5 h6 13.O-O Ne5 14.Nd4 Nc4 15.
Qc1 Qa5 16.Nb3 Qc7 17.Nd2 Rc8 18.Nxc4 Qxc4 19.Be2 Qc5 20.Bd3 Qg5 21.f4 
Qc5+ 22.Kh1 b4 23.Ne2 Bb5 24.Ng3 Bxd3 25.cxd3 Kd7 26.d4 Qa5 27.Qd2 Qxa2 
28.Ra1 Qc4 29.f5 Qb5 30.Nh5 Ke8 31.e5 dxe5 32.fxe6 fxe6 33.Nxf6+ Bxf6 34.
Rxf6 Ke7 35.Rxh6 Rxh6 36.Qxh6 exd4 37.Qg7+ Kd6 38.Qxd4+ Ke7 39.Qg7+ Kd6 
40.Rd1+ Kc6 41.Qd7+ 1-0

[Event "XXIII C.to Italiano UISP"]
[Site "Rimini ITA"]
[Date "2002.12.??"]
[Round "5"]
[White "Pandini, Giuseppe"]
[Black "Maioli, Alessandro"]
[Result "1/2-1/2"]
[WhiteElo "1612"]
[BlackElo "1534"]
[PlyCount "44"]
[EventDate "2002.12.12"]

1.f4 d5 2.Nf3 c5 3.b3 Nf6 4.Bb2 Nc6 5.e3 Bf5 6.Bb5 a6 7.Bxc6+ bxc6 8.Ne5 
Qc8 9.O-O Ng4 10.Nxg4 Bxg4 11.Qe1 f6 12.Nc3 e6 13.Ne2 Bf5 14.d3 Be7 15.Ng3
Bg6 16.e4 Bf7 17.Qf2 Qb7 18.Rab1 Rb8 19.Ba3 Qb6 20.c4 d4 21.Qd2 a5 22.f5 
e5 1/2-1/2

[Event "XXIII C.to Italiano UISP"]
[Site "Rimini ITA"]
[Date "2002.12.??"]
[Round "5"]
[White "Rebeggiani, Luca"]
[Black "Vezzosi, Paolo"]
[Result "0-1"]
[WhiteElo "1708"]
[BlackElo "2394"]
[PlyCount "52"]
[EventDate "2002.12.12"]

1.c4 e6 2.d4 d5 3.Nc3 Nf6 4.Nf3 c6 5.c5 b6 6.b4 a5 7.Na4 Nfd7 8.Bd2 axb4 
9.Bxb4 Na6 10.a3 bxc5 11.Nxc5 Ndxc5 12.dxc5 Bxc5 13.Bc3 O-O 14.e3 f6 15.
Nd4 Qd6 16.Qa4 e5 17.Qxc6 exd4 18.Qxa8 dxc3 19.Be2 d4 20.exd4 Bxd4 21.Bc4+
Kh8 22.O-O Nc5 23.Qf3 Bb7 24.Qg4 f5 25.Qh3 Ne4 26.Bd3 Qf4 0-1

[Event "XXIII C.to Italiano UISP"]
[Site "Rimini ITA"]
[Date "2002.12.??"]
[Round "5"]
[White "Restivo, Antonio"]
[Black "Genocchio, Daniele"]
[Result "0-1"]
[WhiteElo "1600"]
[BlackElo "2345"]
[PlyCount "40"]
[EventDate "2002.12.12"]

1.e4 c5 2.Nf3 Nc6 3.d4 cxd4 4.Nxd4 Nf6 5.Nc3 e5 6.Ndb5 d6 7.Bg5 a6 8.Na3 
b5 9.Nd5 Be7 10.Bxf6 Bxf6 11.c3 Bg5 12.Qd3 O-O 13.Be2 Bb7 14.Rd1 Ne7 15.
Nxe7+ Qxe7 16.O-O Rad8 17.c4 f5 18.Bf3 Kh8 19.b3 d5 20.cxd5 Qxa3 0-1

[Event "XXIII C.to Italiano UISP"]
[Site "Rimini ITA"]
[Date "2002.12.??"]
[Round "5"]
[White "Sgarito, Carmelo"]
[Black "Caruso, Augusto"]
[Result "1/2-1/2"]
[WhiteElo "1780"]
[BlackElo "2247"]
[PlyCount "96"]
[EventDate "2002.12.12"]

1.d4 e6 2.Nf3 d5 3.Bf4 Bd6 4.Bxd6 cxd6 5.e3 Qb6 6.Qc1 Nc6 7.c3 Nf6 8.Nbd2 
e5 9.Nb3 a5 10.Nbd2 Bf5 11.Nh4 Bd7 12.Nhf3 Rc8 13.Qb1 O-O 14.h3 Rfe8 15.
Be2 Ne4 16.O-O Bf5 17.Rd1 Ng3 18.Bd3 Bxd3 19.Qxd3 e4 20.Qc2 Ne2+ 21.Kh2 
exf3 22.Nxf3 Nf4 23.exf4 h6 24.Qd2 Re4 25.Re1 a4 26.Rab1 Rce8 27.Qc2 Qa6 
28.Rbd1 b5 29.b4 Na7 30.Qd3 Qc6 31.Re3 Rxf4 32.Rde1 Rfe4 33.Nd2 f5 34.f3 
Rxe3 35.Rxe3 g6 36.Qe2 Kf7 37.Rxe8 Qxe8 38.Qxe8+ Kxe8 39.Kg3 Ke7 40.h4 Nc6
41.Nf1 Nd8 42.Ne3 Ke6 43.Nc2 Nc6 44.Ne3 Ne7 45.Nc2 Kd7 46.Kf4 Kc6 47.Ne3 
Kd7 48.Nc2 Nc6 1/2-1/2

[Event "XXIII C.to Italiano UISP"]
[Site "Rimini ITA"]
[Date "2002.12.??"]
[Round "5"]
[White "Sudiro, Giuseppe"]
[Black "Soprano, Paolo"]
[Result "0-1"]
[WhiteElo "1524"]
[BlackElo "2276"]
[PlyCount "134"]
[EventDate "2002.12.12"]

1.d4 e6 2.c4 Nf6 3.Nc3 Bb4 4.Qc2 O-O 5.a3 Bxc3+ 6.bxc3 b6 7.e4 d6 8.Nf3 e5
9.Bg5 Nbd7 10.Bd3 Re8 11.O-O Nf8 12.Rae1 Ng6 13.Nh4 h6 14.Bxf6 Qxf6 15.
Nxg6 fxg6 16.d5 Bd7 17.Re3 Rf8 18.Rf3 Qe7 19.Rxf8+ Rxf8 20.Qc1 g5 21.f3 
Qf7 22.Qe3 Qf4 23.Qxf4 gxf4 24.a4 a5 25.Bc2 g5 26.h3 h5 27.Kf2 Kg7 28.Rh1 
Rf6 29.Rb1 Rh6 30.Rg1 Kg6 31.Bd1 Rh7 32.Re1 g4 33.hxg4 hxg4 34.Kg1 Kg5 35.
Rf1 Rh8 36.Rf2 Kh4 37.Ra2 Kg3 38.Rd2 gxf3 39.gxf3 Bh3 40.Rb2 Rg8 41.Rf2 
Kh4+ 42.Kh2 Rg3 43.Be2 Bd7 44.Bd1 Rg8 45.Rg2 Rxg2+ 46.Kxg2 Bh3+ 47.Kf2 Bd7
48.Bc2 Kg5 49.Ke2 Kf6 50.Kd3 Ke7 51.Bd1 Kd8 52.Bb3 Kc8 53.Bd1 Kb7 54.Bb3 
c6 55.dxc6+ Kxc6 56.Bc2 Kc5 57.Bd1 Bh3 58.Be2 Be6 59.Kc2 Bxc4 60.Bd1 d5 
61.exd5 Kxd5 62.Kd2 e4 63.fxe4+ Kxe4 64.Bc2+ Kf3 65.Bd1+ Kg2 66.Bc2 f3 67.
Be4 Kg3 0-1

[Event "XXIII C.to Italiano UISP"]
[Site "Rimini ITA"]
[Date "2002.12.??"]
[Round "5"]
[White "Traversi, Carlo"]
[Black "Fronzi, Ettore"]
[Result "1/2-1/2"]
[WhiteElo "1537"]
[BlackElo "1618"]
[PlyCount "51"]
[EventDate "2002.12.12"]

1.e4 d5 2.exd5 Qxd5 3.Nc3 Qa5 4.d4 c6 5.Nf3 Nf6 6.Bd2 Bg4 7.h3 Bxf3 8.Qxf3
Qd8 9.Be3 e6 10.Bd3 Be7 11.O-O Qc7 12.Rad1 Nbd7 13.Ne4 Nxe4 14.Bxe4 Nf6 
15.Bd3 O-O 16.c4 Rad8 17.b3 a6 18.Bb1 b5 19.g4 bxc4 20.bxc4 g6 21.Bh6 Rfe8
22.h4 Rd7 23.Rd2 Qd8 24.Rfd1 Bf8 25.Bg5 Be7 26.Bh6 1/2-1/2

[Event "XXIII C.to Italiano UISP"]
[Site "Rimini ITA"]
[Date "2002.12.??"]
[Round "5"]
[White "Vanzan, Alessandro"]
[Black "Gazzarri, Alberto"]
[Result "0-1"]
[WhiteElo "1576"]
[BlackElo "2173"]
[PlyCount "92"]
[EventDate "2002.12.12"]

1.c4 Nf6 2.Nc3 d6 3.Nf3 g6 4.e4 e5 5.Be2 Bg7 6.O-O O-O 7.d3 Nh5 8.h3 Nd7 
9.Bd2 c6 10.Qc1 Nc5 11.Bh6 Ne6 12.Bxg7 Kxg7 13.Re1 Nhf4 14.Bf1 Qf6 15.Nh2 
Nd4 16.Qd1 Qg5 17.Kh1 Qh6 18.Qd2 g5 19.Ne2 Ndxe2 20.Bxe2 Kh8 21.Ng4 Qh4 
22.Qe3 Nxe2 23.Qxe2 f5 24.Qf3 Be6 25.exf5 Bxf5 26.Rf1 h5 27.Nh6 Bg6 28.Qe3
Kg7 29.Kh2 Qf4+ 30.g3 Qxe3 31.fxe3 Kxh6 32.e4 Kg7 33.h4 g4 34.Kg2 Rxf1 35.
Rxf1 Rf8 36.Rd1 Rf3 37.Kh2 Kf7 38.Rd2 Ke6 39.a3 d5 40.c5 Rf1 41.exd5+ cxd5
42.b4 Ra1 43.b5 Rc1 44.Rb2 Bxd3 45.b6 Be4 46.Rg2 axb6 0-1

[Event "XXIII C.to Italiano UISP"]
[Site "Rimini ITA"]
[Date "2002.12.??"]
[Round "6"]
[White "Alessi, Andrea"]
[Black "Restivo, Antonio"]
[Result "1-0"]
[WhiteElo "1581"]
[BlackElo "1600"]
[PlyCount "51"]
[EventDate "2002.12.12"]

1.e4 c5 2.Nc3 Nc6 3.d3 Nf6 4.Be3 e6 5.Qd2 d5 6.exd5 exd5 7.d4 a6 8.Nf3 c4 
9.Be2 Bb4 10.Bg5 Qd6 11.Bxf6 Qxf6 12.Qe3+ Be6 13.O-O O-O 14.Rfd1 Rfe8 15.
Ne5 Bf5 16.Nxd5 Qd6 17.Bxc4 Nxe5 18.dxe5 Rxe5 19.Nxb4 Qc7 20.Qb3 Rc8 21.
Rd2 Rc5 22.Rad1 h6 23.Nd5 Qd6 24.Ne3 Qf6 25.Nxf5 Rxc4 26.Nd6 1-0

[Event "XXIII C.to Italiano UISP"]
[Site "Rimini ITA"]
[Date "2002.12.??"]
[Round "6"]
[White "Antoniacci, Riccardo"]
[Black "Traversi, Carlo"]
[Result "1/2-1/2"]
[WhiteElo "1927"]
[BlackElo "1537"]
[PlyCount "93"]
[EventDate "2002.12.12"]

1.d4 Nf6 2.c4 g6 3.g3 c6 4.Bg2 d5 5.Nf3 Bg7 6.O-O O-O 7.Nc3 dxc4 8.Ne5 
Nbd7 9.Nxc4 Nb6 10.Na5 Qc7 11.Bf4 Qd7 12.Qd2 Qe6 13.Rac1 Nfd5 14.Bh6 Nxc3 
15.Rxc3 Bxh6 16.Qxh6 Qxe2 17.Re3 Qb5 18.Re5 Nd5 19.Be4 f5 20.Bxd5+ cxd5 
21.Rxe7 Rf7 22.a4 Qxa4 23.Rxf7 Kxf7 24.Qxh7+ Kf6 25.Qh8+ Kf7 26.Qd8 Qd7 
27.Qh4 b6 28.Nb3 Qe6 29.Nd2 Bd7 30.Nf3 Kg7 31.Re1 Qd6 32.Re7+ Kf8 33.Rh7 
Rc8 34.Rh8+ Kg7 35.Qh6+ Kf6 36.Rh7 Rg8 37.Qg5+ Ke6 38.Ne5 Qb4 39.Rxd7 Qe1+
40.Kg2 Qe4+ 41.Kf1 Qb1+ 42.Ke2 Qc2+ 43.Qd2 Qe4+ 44.Kd1 Rc8 45.Rg7 Qh1+ 46.
Ke2 Qe4+ 47.Kd1 1/2-1/2

[Event "XXIII C.to Italiano UISP"]
[Site "Rimini ITA"]
[Date "2002.12.??"]
[Round "6"]
[White "Arnetta, Maria Teresa"]
[Black "D'Innocente, Stefano"]
[Result "0-1"]
[WhiteElo "2050"]
[BlackElo "2234"]
[PlyCount "110"]
[EventDate "2002.12.12"]

1.e4 e5 2.Nf3 Nc6 3.Bc4 Bc5 4.c3 Nf6 5.d3 d6 6.O-O O-O 7.h3 a6 8.Bb3 h6 9.
Re1 Re8 10.Nbd2 Ba7 11.Nf1 Ne7 12.Be3 Bxe3 13.Nxe3 Ng6 14.Bc2 b6 15.Nf1 
Bb7 16.Ng3 d5 17.exd5 Qxd5 18.Bb3 Qd7 19.Ne4 Qf5 20.Qc2 Nf4 21.Ng3 Qxd3 
22.Nxe5 Qxc2 23.Bxc2 Nxg2 24.Bb3 Nxe1 25.Bxf7+ Kf8 26.Bxe8 Nc2 27.Rc1 Rxe8
28.Nd3 Rd8 29.Nf4 Re8 30.Rxc2 Re1+ 31.Kh2 g5 32.Re2 gxf4 33.Rxe1 fxg3+ 34.
Kxg3 Kf7 35.Kh4 Bc8 36.Re5 Be6 37.a3 Nd7 38.Re3 Nf6 39.Re5 c5 40.Re3 c4 
41.Re5 Bd5 42.Kg3 Be6 43.h4 Nd7 44.Re2 Nc5 45.f3 Kf6 46.Rh2 Nd3 47.Re2 Kf5
48.Rh2 Nf4 49.Rd2 Nd3 50.Rh2 b5 51.Re2 a5 52.Rh2 Ke5 53.Re2+ Kd5 54.f4 Bf5
55.Re8 h5 0-1

[Event "XXIII C.to Italiano UISP"]
[Site "Rimini ITA"]
[Date "2002.12.??"]
[Round "6"]
[White "Bartolozzi, Roberto"]
[Black "Genocchio, Daniele"]
[Result "1-0"]
[WhiteElo "2069"]
[BlackElo "2345"]
[PlyCount "95"]
[EventDate "2002.12.12"]

1.Nf3 d6 2.d4 g6 3.Bf4 Bg7 4.e3 f5 5.Nbd2 Nf6 6.h3 O-O 7.Be2 Nc6 8.O-O Qe8
9.c3 e5 10.Bh2 Kh8 11.dxe5 dxe5 12.Nc4 Ne4 13.Qc2 Nd6 14.Nxd6 cxd6 15.Rad1
Qe7 16.Bg3 Bf6 17.Bc4 Be6 18.Bxe6 Qxe6 19.Qb3 Qxb3 20.axb3 Rfd8 21.Rd2 e4 
22.Ne1 Ne5 23.Nc2 Nd3 24.Ne1 Nc1 25.b4 d5 26.Nc2 Nb3 27.Rdd1 a5 28.bxa5 
Rd7 29.Nd4 Bxd4 30.exd4 Rxa5 31.Be5+ Kg8 32.g4 Ra2 33.gxf5 gxf5 34.Kh1 Kf7
35.Rg1 Rxb2 36.Rb1 Rxb1 37.Rxb1 Na5 38.Kh2 Nc4 39.Bf4 Kf6 40.h4 b6 41.Rb5 
Ke6 42.Rb1 Rg7 43.Bg5 Kd6 44.Ra1 Na5 45.Rg1 Ke6 46.Ra1 Ra7 47.Rb1 Rb7 48.
Rg1 1-0

[Event "XXIII C.to Italiano UISP"]
[Site "Rimini ITA"]
[Date "2002.12.??"]
[Round "6"]
[White "Bongiovanni, Marco"]
[Black "Favara, Vincenzo"]
[Result "1-0"]
[WhiteElo "1708"]
[BlackElo "1525"]
[PlyCount "97"]
[EventDate "2002.12.12"]

1.e4 e5 2.Nf3 Nc6 3.Nc3 Bc5 4.Bb5 Nf6 5.d4 exd4 6.Nd5 Nxd5 7.exd5 a6 8.Be2
Ne7 9.Nxd4 d6 10.c4 Nf5 11.Nf3 O-O 12.O-O c6 13.Bd3 Nh4 14.Ng5 Bf5 15.Bxf5
Nxf5 16.Qh5 Nh6 17.Ne4 Bd4 18.Bxh6 gxh6 19.Qxh6 f6 20.Rad1 cxd5 21.Rxd4 
dxe4 22.Rxe4 Qd7 23.Rfe1 Rae8 24.Qe3 Rxe4 25.Qxe4 Kh8 26.Qe7 Qc8 27.Qxd6 
Qd8 28.Rd1 Qe8 29.g3 Kg8 30.Qd7 Qe4 31.Qd5+ Qxd5 32.cxd5 Rd8 33.Kg2 Kf8 
34.d6 Ke8 35.Kf3 Kd7 36.Kg4 Ke6 37.Re1+ Kf7 38.Re7+ Kg6 39.d7 h5+ 40.Kf4 
f5 41.Ke5 Kg5 42.Kd6 Kg4 43.Kc7 Rxd7+ 44.Rxd7 Kf3 45.Rd2 Kg2 46.f4+ Kh3 
47.Kd6 h4 48.gxh4 Kxh4 49.Ke5 1-0

[Event "XXIII C.to Italiano UISP"]
[Site "Rimini ITA"]
[Date "2002.12.??"]
[Round "6"]
[White "Camarda, Giuseppe"]
[Black "Ferucci, Ferruccio"]
[Result "0-1"]
[WhiteElo "1453"]
[BlackElo "1627"]
[PlyCount "60"]
[EventDate "2002.12.12"]

1.c4 Nf6 2.Nc3 c6 3.g3 d5 4.cxd5 Nxd5 5.Bg2 Nxc3 6.bxc3 Be6 7.Nf3 Nd7 8.
O-O Nf6 9.h3 g6 10.Kh2 Bg7 11.a4 O-O 12.Rb1 Qc8 13.d3 Nd5 14.Qc2 Nxc3 15.
Rb4 Na2 16.Rh4 Nxc1 17.Qxc1 Qc7 18.Ng5 h6 19.Nxe6 fxe6 20.Qc4 Qd6 21.f4 
Rf5 22.Rg4 Rc5 23.Qb3 b6 24.Kh1 Rf8 25.e3 Rc3 26.Qb1 Rxd3 27.Be4 Rxe3 28.
Bxg6 Qd5+ 29.Kh2 Re2+ 30.Kg1 Qg2# 0-1

[Event "XXIII C.to Italiano UISP"]
[Site "Rimini ITA"]
[Date "2002.12.??"]
[Round "6"]
[White "Caroli, Tommaso"]
[Black "Vanzan, Alessandro"]
[Result "1/2-1/2"]
[WhiteElo "1789"]
[BlackElo "1576"]
[PlyCount "136"]
[EventDate "2002.12.12"]

1.e4 d6 2.d4 Nf6 3.Nc3 g6 4.Be2 Bg7 5.h4 h5 6.Be3 Ng4 7.Bxg4 Bxg4 8.f3 Bd7
9.Qd2 Nc6 10.Nge2 e6 11.O-O-O Qe7 12.Nb5 Rc8 13.Bg5 f6 14.Be3 a6 15.Nbc3 
Na5 16.Nf4 Qf7 17.Qd3 b5 18.b3 c5 19.dxc5 dxc5 20.Nxg6 c4 21.Qxd7+ Qxd7 
22.Rxd7 Kxd7 23.Nxh8 Bxh8 24.Bb6 Nb7 25.Ne2 cxb3 26.axb3 Nc5 27.Bxc5 Rxc5 
28.Rd1+ Ke7 29.Nf4 Bg7 30.Nd3 Rc7 31.b4 Bh6+ 32.Kb2 Be3 33.c3 e5 34.Kb3 
Bb6 35.Ra1 Rxc3+ 36.Kxc3 Bd4+ 37.Kb3 Bxa1 38.Nc5 Kd6 39.Nxa6 Bd4 40.g4 
hxg4 41.fxg4 Be3 42.Kc3 Bh6 43.Kd3 Bf4 44.Ke2 Bh6 45.Nc5 Bf4 46.Nd3 Bh6 
47.Nb2 Bf4 48.Nd1 Bg3 49.h5 Bf4 50.Nc3 Kc6 51.Kf3 Bg5 52.Kg3 Bf4+ 53.Kh3 
Bg5 54.Nd5 Kd6 55.h6 Bxh6 56.Nxf6 Bg5 57.Nh7 Be7 58.g5 Ke6 59.Kg4 Kf7 60.
Kf5 Bxb4 61.g6+ Kg7 62.Nf6 Bf8 63.Ne8+ Kg8 64.Kxe5 b4 65.Kd4 Bh6 66.Kc4 
Bd2 67.e5 Bc3 68.e6 Kf8 1/2-1/2

[Event "XXIII C.to Italiano UISP"]
[Site "Rimini ITA"]
[Date "2002.12.??"]
[Round "6"]
[White "Caruso, Augusto"]
[Black "Rebeggiani, Luca"]
[Result "1-0"]
[WhiteElo "2247"]
[BlackElo "1708"]
[PlyCount "49"]
[EventDate "2002.12.12"]

1.e4 c5 2.Nf3 Nc6 3.Nc3 g6 4.d4 cxd4 5.Nxd4 Bg7 6.Nb3 d6 7.Be2 Nf6 8.O-O 
a5 9.a4 Be6 10.Re1 Nd7 11.Nd5 Bxd5 12.exd5 Nb4 13.c3 Na6 14.Bg5 Nf6 15.
Bb5+ Kf8 16.Qf3 h6 17.Bh4 Nc7 18.Bc4 g5 19.Bg3 h5 20.h4 Ng4 21.hxg5 Be5 
22.Bxe5 Nxe5 23.Rxe5 dxe5 24.d6 e6 25.g6 1-0

[Event "XXIII C.to Italiano UISP"]
[Site "Rimini ITA"]
[Date "2002.12.??"]
[Round "6"]
[White "Dentale, Enrico"]
[Black "Franceschi, Riccardo"]
[Result "1/2-1/2"]
[WhiteElo "1738"]
[BlackElo "2152"]
[PlyCount "30"]
[EventDate "2002.12.12"]

1.d4 Nf6 2.Nf3 d6 3.Bf4 g6 4.e3 Bg7 5.Be2 O-O 6.O-O b6 7.Nbd2 Bb7 8.h3 
Nbd7 9.c3 Re8 10.Qc2 c5 11.Rad1 Qc7 12.Bh2 Qc6 13.Nh4 e5 14.dxe5 dxe5 15.
Nc4 Bf8 1/2-1/2

[Event "XXIII C.to Italiano UISP"]
[Site "Rimini ITA"]
[Date "2002.12.??"]
[Round "6"]
[White "Ferro, Mario"]
[Black "De Maria, Isaia"]
[Result "1-0"]
[WhiteElo "2194"]
[BlackElo "1738"]
[PlyCount "85"]
[EventDate "2002.12.12"]

1.d4 d5 2.e3 Nf6 3.Bd3 c5 4.c3 Nbd7 5.f4 g6 6.Nf3 Bg7 7.O-O O-O 8.Nbd2 b6 
9.Ne5 Bb7 10.Qe2 Qc7 11.b3 Rac8 12.a4 a5 13.Ba3 Ne4 14.Nxe4 dxe4 15.Bb5 
Nxe5 16.dxe5 Rfd8 17.Ra2 Bd5 18.c4 Bb7 19.Rd1 Rxd1+ 20.Qxd1 Rd8 21.Rd2 
Rxd2 22.Qxd2 Bc6 23.Bxc6 Qxc6 24.Qd8+ Bf8 25.Qd5 Qxd5 26.cxd5 f5 27.Kf1 
Kf7 28.e6+ Ke8 29.Bb2 Kd8 30.Be5 Kc8 31.Ke2 Kb7 32.Kd2 Ka6 33.Kc3 b5 34.
axb5+ Kxb5 35.h3 h6 36.h4 c4 37.bxc4+ Kc5 38.Bd4+ Kd6 39.g3 h5 40.Kb3 Bh6 
41.Ka4 Bf8 42.Kxa5 Bh6 43.Kb6 1-0

[Event "XXIII C.to Italiano UISP"]
[Site "Rimini ITA"]
[Date "2002.12.??"]
[Round "6"]
[White "Finocchiaro, Dante"]
[Black "Catalano, Luigi"]
[Result "0-1"]
[WhiteElo "1395"]
[BlackElo "1570"]
[PlyCount "115"]
[EventDate "2002.12.12"]

1.e4 Nc6 2.Nf3 e5 3.d4 exd4 4.Nxd4 Qh4 5.Nxc6 Qxe4+ 6.Qe2 Qxe2+ 7.Bxe2 
bxc6 8.O-O Nf6 9.Re1 Be7 10.Nc3 O-O 11.Bf4 Bd6 12.Bxd6 cxd6 13.Rad1 d5 14.
b4 Re8 15.a4 Bb7 16.a5 Rad8 17.a6 Bc8 18.f3 Re7 19.Bd3 Rde8 20.Kf2 Rxe1 
21.Rxe1 Rxe1 22.Kxe1 Ne8 23.b5 Nc7 24.Kd2 g6 25.Ke3 c5 26.Kf4 d6 27.g4 f6 
28.h4 Kg7 29.Kg3 Bd7 30.h5 c4 31.Be2 g5 32.f4 h6 33.f5 d4 34.Ne4 d5 35.Nc5
Bxb5 36.Ne6+ Nxe6 37.fxe6 Kf8 38.Bf3 Bc6 39.Be2 Ke7 40.Kf2 Kxe6 41.Ke1 Bb5
42.Kd2 Ke5 43.c3 Bxa6 44.Bf3 Bb7 45.Be2 a5 46.Bd1 d3 47.Ba4 Kf4 48.Bd1 Ke5
49.Ke3 Kd6 50.Ba4 Bc6 51.Bd1 a4 52.Kd2 Ke5 53.Kc1 d4 54.Kb2 a3+ 55.Kc1 
dxc3 56.Kb1 c2+ 57.Bxc2 dxc2+ 58.Kxc2 0-1

[Event "XXIII C.to Italiano UISP"]
[Site "Rimini ITA"]
[Date "2002.12.??"]
[Round "6"]
[White "Giussani, Igor"]
[Black "Capuano, Francesca"]
[Result "1/2-1/2"]
[WhiteElo "1600"]
[BlackElo "2023"]
[PlyCount "37"]
[EventDate "2002.12.12"]

1.d4 d5 2.c4 e6 3.cxd5 exd5 4.Nc3 Nf6 5.Bg5 Be7 6.e3 O-O 7.Qc2 c6 8.Bd3 
Nbd7 9.Nf3 Re8 10.O-O Nf8 11.Rab1 a5 12.a3 g6 13.b4 axb4 14.axb4 Ne6 15.
Bh4 Ng7 16.b5 Bd6 17.bxc6 bxc6 18.Bg3 Bxg3 19.hxg3 1/2-1/2

[Event "XXIII C.to Italiano UISP"]
[Site "Rimini ITA"]
[Date "2002.12.??"]
[Round "6"]
[White "Iotti, Pierluigi"]
[Black "Ganci, Fabrizio"]
[Result "1/2-1/2"]
[WhiteElo "2314"]
[BlackElo "2019"]
[PlyCount "65"]
[EventDate "2002.12.12"]

1.d4 d5 2.Nf3 Nf6 3.c4 c6 4.Nc3 dxc4 5.a4 Bf5 6.e3 e6 7.Bxc4 Bb4 8.O-O O-O
9.Qe2 Nbd7 10.e4 Bg4 11.Rd1 Qa5 12.e5 Nd5 13.Ne4 c5 14.Bb5 Qc7 15.Bg5 b6 
16.Rac1 h6 17.Bh4 a6 18.Bxa6 Bxf3 19.gxf3 Qa7 20.Bb5 cxd4 21.Bc6 Nxe5 22.
Bxd5 exd5 23.Ng3 Rfe8 24.Nf5 Ng6 25.Qb5 Qxa4 26.Qxa4 Rxa4 27.Rxd4 Nxh4 28.
Nxh4 Bd2 29.Rxd2 Rxh4 30.Rxd5 Rb4 31.Rd2 Re5 32.Rc7 Rf5 33.Kg2 1/2-1/2

[Event "XXIII C.to Italiano UISP"]
[Site "Rimini ITA"]
[Date "2002.12.??"]
[Round "6"]
[White "Maioli, Alessandro"]
[Black "Cesarini, Lanfranco"]
[Result "1/2-1/2"]
[WhiteElo "1534"]
[BlackElo "2113"]
[PlyCount "40"]
[EventDate "2002.12.12"]

1.d4 Nf6 2.c4 e6 3.a3 c5 4.d5 exd5 5.cxd5 d6 6.Nc3 g6 7.Bg5 Bg7 8.e4 O-O 
9.Bd3 Re8 10.Nge2 a6 11.a4 Qc7 12.O-O Nbd7 13.Re1 Rb8 14.Rb1 c4 15.Bc2 b5 
16.axb5 axb5 17.Nd4 b4 18.Ncb5 Rxb5 19.Nxb5 Qb6 20.Ba4 Nc5 1/2-1/2

[Event "XXIII C.to Italiano UISP"]
[Site "Rimini ITA"]
[Date "2002.12.??"]
[Round "6"]
[White "Mazzilli, Piero"]
[Black "Sudiro, Giuseppe"]
[Result "1-0"]
[WhiteElo "2215"]
[BlackElo "1524"]
[PlyCount "75"]
[EventDate "2002.12.12"]

1.e4 c6 2.c4 d5 3.cxd5 cxd5 4.exd5 Nf6 5.Qa4+ Bd7 6.Qb3 Qc7 7.Nc3 Na6 8.d4
Qb6 9.Qxb6 axb6 10.Bc4 Nb4 11.Bb3 Nd3+ 12.Ke2 Nxc1+ 13.Rxc1 b5 14.a3 g6 
15.Nf3 Bh6 16.Rcd1 O-O 17.Ne5 Ra5 18.Rhe1 Rd8 19.d6 e6 20.d5 Bf8 21.Nxd7 
Nxd7 22.dxe6 fxe6 23.Bxe6+ Kg7 24.Bxd7 Rxd7 25.Ne4 b4 26.axb4 Rb5 27.Rd4 
h6 28.Red1 Rb6 29.Rc4 Rc6 30.Rxc6 bxc6 31.Rc1 Bxd6 32.Nxd6 Rxd6 33.Rd1 
Re6+ 34.Kd3 Kf6 35.Rd2 Kf5 36.Kc4 Re5 37.b3 g5 38.Rd6 1-0

[Event "XXIII C.to Italiano UISP"]
[Site "Rimini ITA"]
[Date "2002.12.??"]
[Round "6"]
[White "Passerotti, Pierluigi"]
[Black "Lucaroni, Massimiliano"]
[Result "1-0"]
[WhiteElo "2267"]
[BlackElo "2288"]
[PlyCount "53"]
[EventDate "2002.12.12"]

1.d4 e6 2.c4 f5 3.g3 Nf6 4.Bg2 Be7 5.Nc3 O-O 6.Nf3 d6 7.O-O Qe8 8.b3 Qh5 
9.Ba3 a5 10.e3 Rf7 11.Ne1 Qh6 12.Bc1 e5 13.dxe5 dxe5 14.e4 f4 15.Nd3 Nc6 
16.gxf4 Qh4 17.Nd5 Bd6 18.f3 Nh5 19.c5 Bf8 20.fxe5 Nb4 21.Be3 Be6 22.N3xb4
axb4 23.Qe1 Qxe1 24.Rfxe1 c6 25.Nxb4 Nf4 26.Rad1 g5 27.Rd2 1-0

[Event "XXIII C.to Italiano UISP"]
[Site "Rimini ITA"]
[Date "2002.12.??"]
[Round "6"]
[White "Petrelli, Fabrizio"]
[Black "Loi, Alberto"]
[Result "0-1"]
[WhiteElo "1500"]
[BlackElo "1414"]
[PlyCount "80"]
[EventDate "2002.12.12"]

1.e4 g6 2.d4 Bg7 3.Nf3 b6 4.Nc3 Bb7 5.Bc4 e6 6.O-O Qe7 7.Re1 Nc6 8.d5 Ne5 
9.Nxe5 Bxe5 10.dxe6 fxe6 11.Be3 O-O-O 12.Qe2 c6 13.Ba6 d5 14.Bxb7+ Qxb7 
15.Qg4 Qd7 16.exd5 exd5 17.Qxd7+ Rxd7 18.Bg5 Bxc3 19.bxc3 h6 20.Bf4 Nf6 
21.Be5 Rf8 22.Bxf6 Rxf6 23.g3 Kd8 24.Re2 Re7 25.Rxe7 Kxe7 26.Re1+ Re6 27.
Rxe6+ Kxe6 28.Kg2 Kd6 29.f4 Kc5 30.g4 d4 31.cxd4+ Kxd4 32.Kf3 b5 33.c3+ 
Kd5 34.h4 a5 35.h5 gxh5 36.g5 hxg5 37.fxg5 Ke5 38.Kg3 Kf5 39.Kh4 Kg6 40.a3
c5 0-1